| 000 | 01025nam a2200361 a 4500 | ||
|---|---|---|---|
| 003 | AR-BaBNM | ||
| 005 | 20251128203743.0 | ||
| 008 | 082120s2002 ||||||||||||||000 | spa|| | ||
| 040 | _cAR-BaBNM | ||
| 100 | 1 | _aEntwistle, William J. | |
| 245 | 0 | 0 |
_aHistoria de la literatura inglesa _bde los orígenes a la actualidad : 500 a.c. a 1960 |
| 250 | _a2ª ed. | ||
| 260 |
_aMéxico, D.F. _bFondo de Cultura Económica _c1965 |
||
| 300 | _a496 p. | ||
| 490 | 0 |
_aBreviarios _vv. 106 |
|
| 500 | _aContiene índice de nombres en p. 467 | ||
| 650 | 4 | _aLITERATURA MEDIEVAL | |
| 650 | 4 | _aLITERATURA INGLESA | |
| 650 | 4 | _aPOESIA | |
| 650 | 4 | _aLITERATURA EXTRANJERA | |
| 650 | 4 | _aCULTURAS LITERARIAS | |
| 650 | 4 | _aRENACIMIENTO | |
| 650 | 4 | _aTEATRO | |
| 650 | 4 | _aROMANTICISMO | |
| 653 | _aNARRATIVA | ||
| 653 | _aEPOCA VICTORIANA | ||
| 655 | _aLITERATURA | ||
| 700 | 1 | _aGillett, Eric | |
| 700 | 1 |
_aTorner, Florentino M. _etraductor |
|
| 700 | 1 |
_aFrost, Elsa Cecilia _etraductor |
|
| 942 | _cBK | ||
| 998 | _cMARTIN | ||
| 999 |
_c4797 _d4797 |
||